000 00310pab a2200145 454500
008 180718b2006 xxu||||| |||| 00| 0 eng d
100 _aKachhap, A.
245 _aBarriers in mainstreaming
260 _c2006
300 _ap.63-6.
362 _aNov
650 _aTribes
773 _aYojana
909 _a72564
999 _c72564
_d72564